00628nam a2200169 a 450000100100000000500170001000800410002702000180006804000250008610000240011124501170013526000380025230000210029070000250031195201050033699900170044100004442020201002045348.0140630s2009 br a 000 0 spa d a9788575961148 aDO-SdBNPbspacBNPHU1 aEdnir, Madza97243410aBicho de sete cabecas :bpara entender o financiamento da educaçáo brasileira /cMadza Ednir e Marcos Bassi. aSao Paulo :bPeirópolis,c2009. a176 p. ;c25 cm.12aBassi, Marcos972435 001050718MOaGRbGRcCTd2014-06-30iLF1l0o p44420-10r2020-06-25w2020-06-25y1ZNo se presta c43909d43909